The Bosnian girl (Record no. 145365)

MARC details
000 -LEADER
fixed length control field 00655nam a2200241 i 4500
001 - CONTROL NUMBER
control field C2-0224470
003 - CONTROL NUMBER IDENTIFIER
control field PPAK
005 - DATE AND TIME OF LATEST TRANSACTION
control field 20180728153000.0
008 - FIXED-LENGTH DATA ELEMENTS--GENERAL INFORMATION
fixed length control field 000423s1998 my a|||| ||||| | eng d
020 ## - INTERNATIONAL STANDARD BOOK NUMBER
International Standard Book Number 983976327X
040 ## - CATALOGING SOURCE
Original cataloging agency PPAK
Language of cataloging eng
Transcribing agency PPAK
Description conventions rda
082 04 - DEWEY DECIMAL CLASSIFICATION NUMBER
Classification number 823
Edition number 23
090 00 - LOCALLY ASSIGNED LC-TYPE CALL NUMBER (OCLC); LOCAL CALL NUMBER (RLIN)
Classification number (OCLC) (R) ; Classification number, CALL (RLIN) (NR) 823
Feature heading KRI
Feature heading K
100 0# - MAIN ENTRY--PERSONAL NAME
Personal name Krishnan Panikker,
Relator term author
245 14 - TITLE STATEMENT
Title The Bosnian girl
264 #1 - PRODUCTION, PUBLICATION, DISTRIBUTION, MANUFACTURE, AND COPYRIGHT NOTICE
Place of production, publication, distribution, manufacture Kuala Lumpur :
Name of producer, publisher, distributor, manufacturer Nisam Enterprise ,
Date of production, publication, distribution, manufacture, or copyright notice 1998
300 ## - PHYSICAL DESCRIPTION
Extent 76 pages :
Other physical details illustrations ;
Dimensions 19 cm
336 ## - CONTENT TYPE
Source rdacontent
Content type term text
337 ## - MEDIA TYPE
Source rdamedia
Media type term unmediated
338 ## - CARRIER TYPE
Source rdacarrier
Carrier type term volume
650 10 - SUBJECT ADDED ENTRY--TOPICAL TERM
Topical term or geographic name entry element Children's stories, English
942 ## - ADDED ENTRY ELEMENTS (KOHA)
-- dc
Koha item type Book
Holdings
Withdrawn Not for loan Current library Shelving location Date acquired Full call number Barcode Date last seen Koha item type Total Checkouts
    PD23, Taman Mas Merah, Titi Gajah, Alor Setar Pinjaman Kanak-kanak 23/04/2000 K 823 KRI A00902626 31/05/2018 Book  
    PD23, Taman Mas Merah, Titi Gajah, Alor Setar Pinjaman Kanak-kanak 23/04/2000 K 823 KRI A00902627 31/05/2018 Book  
    PD24, Felda Bukit Tangga, Bukit Kayu Hitam Pinjaman Kanak-kanak 23/04/2000 K 823 KRI A00902628 31/05/2018 Book  
    PD24, Felda Bukit Tangga, Bukit Kayu Hitam Pinjaman Kanak-kanak 23/04/2000 K 823 KRI A00902629 31/05/2018 Book  
    PD25, KEDA Batu 13, Pokok Sena Pinjaman Kanak-kanak 23/04/2000 K 823 KRI A00902630 31/05/2018 Book  
    PD25, KEDA Batu 13, Pokok Sena Pinjaman Kanak-kanak 23/04/2000 K 823 KRI A00902631 31/05/2018 Book  
    PD27, Kg. Bendang Bukit, Pendang Pinjaman Kanak-kanak 23/04/2000 K 823 KRI A00902634 31/05/2018 Book  
    PD27, Kg. Bendang Bukit, Pendang Pinjaman Kanak-kanak 23/04/2000 K 823 KRI A00902635 31/05/2018 Book  
    PD28, Kg. Paya Kerchut, Pendang Pinjaman Kanak-kanak 23/04/2000 K 823 KRI A00902636 31/05/2018 Book  
    PD28, Kg. Paya Kerchut, Pendang Pinjaman Kanak-kanak 23/04/2000 K 823 KRI A00902637 31/05/2018 Book